| 000 | 00498cam a22002051 4500 | ||
|---|---|---|---|
| 001 | sa 68015363 | ||
| 003 | DLC | ||
| 005 | 20260227112643.0 | ||
| 008 | 891006s1967 io 000 0 ind | ||
| 010 | _asa 68015363 | ||
| 035 | _a(OCoLC)23540552 | ||
| 040 |
_aDLC _cMiU _dDLC |
||
| 042 | _apremarc | ||
| 050 | 0 | 0 |
_aNK9503 _b.I5 |
| 110 | 1 |
_aIndonesia. _bDirektorat Pengembangan. |
|
| 245 | 1 | 0 | _aArti batik bagi kita. |
| 260 |
_a[Djakarta] _c1967. |
||
| 300 |
_a14 p. _c22 cm. |
||
| 650 | 0 | _aBatik | |
| 999 |
_c86403 _d86403 |
||